|
|
|
|
| LEADER |
01092nam a2200301 a 4500 |
| 001 |
2782 |
| 003 |
BD-DhAAL |
| 005 |
20150305102237.0 |
| 008 |
150305s1995 ii a b 001 0 eng |
| 010 |
|
|
|a 95006574
|
| 020 |
|
|
|a 0803992319
|
| 020 |
|
|
|a 0803992327 (pbk.)
|
| 040 |
|
|
|a DLC
|c DLC
|d DLC
|d NIC
|d BD-DhAAL
|
| 050 |
0 |
0 |
|a HM141
|b .S53 1995
|
| 082 |
0 |
0 |
|a 303.3/4
|2 20
|
| 100 |
1 |
|
|a Sinha, Jai B. P.
|q (Jai Ballabha Prasad),
|d 1936-
|9 8420
|
| 245 |
1 |
4 |
|a The cultural context of leadership and power /
|c Jai B.P. Sinha.
|
| 260 |
|
|
|a New Delhi ;
|a Thousand Oaks, Calif. :
|b Sage Publications,
|c 1995.
|
| 300 |
|
|
|a 252 p. :
|b ill. ;
|c 23 cm.
|
| 504 |
|
|
|a Includes bibliographical references (p. [234]-244) and indexes.
|
| 541 |
|
|
|e 2782
|
| 650 |
|
0 |
|a Leadership.
|9 9087
|
| 650 |
|
0 |
|a Power (Social sciences)
|9 7783
|
| 650 |
|
7 |
|a Leadership
|2 fast
|9 9088
|
| 650 |
|
7 |
|a Power (Social sciences)
|2 fast
|9 7783
|
| 942 |
|
|
|2 ddc
|c BK
|
| 999 |
|
|
|c 33891
|d 33891
|
| 952 |
|
|
|0 0
|1 0
|2 ddc
|4 0
|6 303_340000000000000_SIN
|7 0
|9 52899
|a SCL
|b SCL
|c GEN
|d 2015-03-05
|e 350
|l 0
|o 303.34 SIN
|p 3020002782
|r 2015-03-05
|t 1
|w 2015-03-05
|y BK
|